Statistics for Top 10 Everton goalscorers

Click here to take the quiz!

General Stats

  • This quiz has been taken 13 times
  • The average score is 2 of 10

Answer Stats

HintAnswer% Correct
383Dean
91%
159Sharp
45%
119Royle
36%
138Latchford
18%
111Hickson
9%
99Cottee
9%
125Young
0%
111Vernon
0%
110Chadwick
0%
97Settle
0%

Score Distribution

Percentile by Number Answered

Percent of People with Each Score

Your Score History

You have not taken this quiz